Clubs de Champions League depuis 2015 - Statistiques

Statistiques générales
  • Ce quiz a été pris 130 fois
  • Le résultat moyen est 58 sur 96
Statistiques - réponses
Pays Derniere Campagne Club % Correct
Espagne 2024/2025 Real Madrid
98%
Espagne 2024/2025 Barcelone
97%
France 2024/2025 PSG
97%
Italie 2024/2025 Inter Milan
94%
Italie 2024/2025 AC Milan
93%
Espagne 2024/2025 Atletico Madrid
93%
Allemagne 2024/2025 Bayern Munich
91%
Allemagne 2024/2025 Borussia Dortmund
90%
Italie 2024/2025 Juventus
90%
France 2024/2025 LOSC Lille
90%
Angleterre 2024/2025 Manchester City
90%
Angleterre 2024/2025 Liverpool
87%
France 2024/2025 Monaco
86%
Allemagne 2024/2025 Bayer leverkusen
83%
Portugal 2024/2025 Benfica
83%
Angleterre 2023/2024 Manchester United
83%
France 2019/2020 OL lyon
83%
France 2022/2023 OM Marseille
83%
Portugal 2023/2024 Porto
83%
Angleterre 2024/2025 Arsenal
82%
Angleterre 2024/2025 Aston Villa
81%
Pays Bas 2022/2023 Ajax
79%
Italie 2018/2019 AS Roma
77%
Angleterre 2022/2023 Chelsea
77%
Allemagne 2024/2025 Leipzig
77%
Espagne 2023/2024 Seville
77%
Italie 2024/2025 Atalanta
76%
Italie 2023/2024 Napoli
75%
Pays Bas 2024/2025 PSV
74%
France 2023/2024 RC Lens
74%
Angleterre 2022/2023 Tottenham
73%
Ecosse 2024/2025 Celtic
72%
France 2020/2021 Rennes
71%
Pays-Bas 2024/2025 Feyenoord
70%
Turquie 2023/2024 Galatasaray
70%
Ecosse 2022/2023 Glasgow Rangers
68%
Espagne 2019/2020 Valence
68%
Belgique 2017/2018 Anderlecht
67%
Espagne 2024/2025 Girona
65%
Espagne 2014/2015 Athletic Bilbao
64%
Italie 2023/2024 Lazio
64%
France 2024/2025 Stade Brestois
64%
Allemagne 2024/2025 Stuttgart
64%
Allemagne 2022/2023 Eintracht Francfort
63%
Autriche 2024/2025 RB Salzbourg
63%
Espagne 2023/2024 Real Sociedad
63%
Suisse 2024/2025 Young Boys
63%
Danemark 2023/2024 Copenhague
62%
Serbie 2024/2025 Etoile Rouge
61%
Ukraine 2021/2022 Dinamo Kiev
60%
Italie 2024/2025 Bologne
59%
Grece 2020/2021 Olympiakos
58%
Espagne 2021/2022 Villareal
58%
Portugal 2023/2024 Braga
57%
Suisse 2017/2018 FC Bale
57%
Angleterre 2016/2017 Leicester
57%
Russie 2021/2022 Zenit
57%
Croatie 2024/2025 Dinamo Zagreb
56%
Suede 2021/2022 Malmo
56%
Turquie 2021/2022 Besiktas
55%
Tchequie 2024/2025 Sparta Prague
55%
Russie 2018/2019 CSKA
54%
Israel 2015/2016 Maccabi Tel Aviv
52%
Slovaquie 2024-2025 Slovan Bratislava
52%
Grece 2018/2019 AEK Athenes
51%
Allemagne 2018/2019 Schalke
51%
Angleterre 2023/2024 Newcastle
50%
Ukraine 2024/2025 Shakhtar Donetsk
50%
Portugal 2024/2025 Sporting Lisbonne
50%
Allemagne 2023/2024 Union Berlin
49%
Belgique 2024/2025 Club Brugge
48%
Allemagne 2021/2022 Wolfsbourg
48%
Belgique 2019/2020 Genk
47%
Tchequie 2019/2020 Slavia Prague
47%
Chypre 2017/2018 APOEL
45%
Israel 2022/2023 Maccabi Haifa
42%
Kazakhstan 2015/2016 Astana
40%
Belgique 2015/2016 La Gantoise
39%
Autriche 2024/2025 Sturm Graz
39%
Russie 2017/2018 Spartak Moscou
38%
Pologne 2016/2017 Legia Varsovie
37%
Russie 2020/2021 Lokomotiv Moscou
37%
Allemagne 2020/2021 Monchengladbach
37%
Moldavie 2021/2022 Sheriff
37%
Turquie 2020/2021 Istanbul Basaksehir
32%
Azerbaijan 2017/2018 Qarabag
32%
Hongrie 2020/2021 Ferencvaros
31%
Belgique 2023/2024 Antwerp
30%
Bulgarie 2016/2017 Ludogorets
29%
Allemagne 2018/2019 Hoffenheim
28%
Russie 2020/2021 Krasnodar
28%
Tchequie 2022/2023 Viktoria Plzen
26%
Slovenie 2017/2018 Maribor
22%
Bielorussie 2015/2016 BATE
21%
Russie 2016/2017 Rostov
15%
Danemark 2020/2021 Midjtylland
2%
Aucun quiz correspondant
Distribution des résultats
% des personnes avec chaque résultat
Percentile par nombre de réponses
Votre historique - résultats
Vous n’avez pas pris ce quiz